000 01333nam0a2200337 4500
001 RU\NLR\BIBL_A\022573649
005 20250727042920.0
035 _a(NLR Aleph) 022573649
090 _a13444338
_c13444338
100 _a20250625d1965 |||y0rusy50 ca
101 0 _ageo
102 _aGE
105 _aa z 000yy
181 0 _ai
_baxxe
182 0 _an
200 1 _aეტიუდები
_dЭтюды
_fგია ნადარეიშვილი
_gრედაქტორი ვ. ნეიძე
203 _aТекст
_bвизуальный
_cнепосредственный
210 _aთბილის
_cНакадули
_d1965
215 _a266, [1] с.
_cил.
_d21
316 _aНа авантитуле дарственная надпись автора: Глубокоуважаемому А. И. Попандопуло от автора 30/I-86 г. г. Тбилиси
_5NLR
517 1 _aStudies
541 1 _6z01790
_aЭтюды
_zrus
686 1 _aЧ515.815
700 1 _aნადარეიშვილი
_bგ.
_gგია
_4070
702 1 _aნეიძე
_bვ.
_4340
790 0 _6z01541
_aНадареишвили
_bГ. А.
_gГиа Антонович
_4070
790 0 _6z01541
_aНеидзе
_bВ.
_4340
852 _aNLR
_bОНЛ
_jГруз./3-17588
942 _cBOOK
980 _aNB